| 000 | 00623nam a2200193 i 4500 | ||
|---|---|---|---|
| 001 | 86854 | ||
| 003 | ES-MaACL | ||
| 005 | 20230906175534.0 | ||
| 007 | t| | ||
| 008 | 041216s1961 sp ||||1| spa d | ||
| 100 | 1 |
_aKazuzo, Okakura. _967692 |
|
| 245 | 1 | 3 |
_aEl libro del té / _cOkakura Kazuzo. Seguido de La flauta de Jade de Franz Toussant ; traducción de Héctor Amic de la Torre. |
| 260 |
_a[Barcelona : _bZeus, _c1961] |
||
| 300 |
_a223 p. ; _c18 cm. |
||
| 700 | 1 |
_aToussant, Franz. _9111163 |
|
| 700 | 1 |
_aAmic de la Torre, Héctor. _921224 |
|
| 740 | 3 | _aLa flauta de Jade. | |
| 852 |
_aES-MaACL _jC-21710 _bR.50148 |
||
| 999 |
_c86854 _d86854 |
||